Faroe Islands Country Quiz - Statistics

General Stats
  • This quiz has been taken 45 times
    32 since last reset
  • The average score is 13 of 17
Answer Stats
Hint Answer % Correct
Countries closest to the Faroe Islands Iceland
100%
Countries that are in the same Commonwealth as the Faroe Islands Denmark
96%
Countries closest to the Faroe Islands Norway
96%
Countries closest to the Faroe Islands United Kingdom
92%
# of Islands 18
88%
Ocean where the Faroe Islands are located in Atlantic
88%
Capital of the Faroe Islands Tórshavn
88%
Countries that are in the same Commonwealth as the Faroe Islands Greenland
79%
Population of the Faroe Islands in 700 CE 0
75%
Currencies Faroese Krona
75%
Largest Island Streymoy
71%
Biggest export Fish
67%
Currencies Danish Krone
58%
First settlers of the Islands Irish Monks
54%
Population of the Faroe Islands as of writing (round to nearest thousand) 54,000
50%
What % of the population lives in the capital (round to nearest whole number) 26%
42%
What animal is depicted on the Coat of Arms Ram
38%
No matching quizzes found
Score Distribution
Percent of People with Each Score
Percentile by Number Answered
Your Score History
You have not taken this quiz since the last reset